| 000 | 00900cam a2200301 i 4500 | ||
|---|---|---|---|
| 001 | 833282 | ||
| 003 | NUST | ||
| 005 | 20220405101720.0 | ||
| 008 | 771017s1977 nyu 000 1 eng | ||
| 010 | _a 77081625 | ||
| 020 |
_a0915684209 : _c$5.95 |
||
| 038 | _awaseem | ||
| 040 |
_aDLC _cDLC _dDLC |
||
| 050 | 0 | 0 |
_aPZ3.M27986 _bMan _aPR9199.3.M34557 |
| 082 | 0 | 0 |
_a813.54 _bMAI |
| 100 | 1 |
_aMaiden, Cecil. _990814 |
|
| 245 | 1 | 0 |
_aMan before the morning / _cCecil Maiden. |
| 250 | _a1st ed. | ||
| 260 |
_aChappaqua, N.Y. : _bChristian Herald Books, _cc1977. |
||
| 300 |
_a191 p. ; _c22 cm. |
||
| 563 | _aHBK. | ||
| 600 | 0 | 0 |
_aJoseph, _cof Arimathea, Saint _xFiction. _990815 |
| 650 | 0 |
_aChristian saints _xFiction. _990816 |
|
| 655 | 7 |
_aBiographical fiction. _2gsafd _9416 |
|
| 655 | 7 |
_aChristian fiction. _2gsafd _98056 |
|
| 906 |
_a7 _bcbc _corignew _d2 _eopcn _f19 _gy-gencatlg |
||
| 942 |
_2ddc _cBK |
||
| 999 |
_c589037 _d589037 |
||